Guatemala: Medio siglo de historia Política /
Uloženo v:
| Hlavní autor: | |
|---|---|
| Další autoři: | |
| Médium: | Text |
| Jazyk: | Spanish |
| Vydáno: |
Mèxico, D.F:
Siglo XXI
|
| Témata: | |
| Tagy: |
Přidat tag
Žádné tagy, Buďte první, kdo vytvoří štítek k tomuto záznamu!
|
MARC
| LEADER | 00000 a a2200000 04500 | ||
|---|---|---|---|
| 001 | 29649 | ||
| 003 | cru IIS | ||
| 005 | 20230418111223.0 | ||
| 008 | 230418b |||||||| |||| 00| 0 spa d | ||
| 020 | |a 968-23-0948-4 | ||
| 040 | |c CRAI-IIS | ||
| 090 | |a AL 0003 A512a tomo 2 | ||
| 100 | 1 | |a Torres Rivas, Edelberto |9 3735 | |
| 245 | |a Guatemala: |b Medio siglo de historia Política / |c Edelberto Torres Rivas | ||
| 260 | |a Mèxico, D.F: |b Siglo XXI | ||
| 300 | |a 139-173p. | ||
| 650 | |a HISTORIA POLITICA | ||
| 650 | |a CRISIS POLITICA | ||
| 650 | 0 | |a REVOLUCION |9 137 | |
| 650 | |a REVOLUCION | ||
| 700 | |a coord | ||
| 942 | |2 ddc |c LI | ||
| 999 | |c 12895 |d 12895 | ||
| 773 | 0 | |0 8347 |9 8637 |a González Casanova, Pablo |d Mèxico, D.F: Siglo XXI 1981 |o 04753 |t América Latina: historia de medio siglo: Centroamérica, México y el Caribe / |w (cru CIDCAS/IIS)29653 |z 968-23-0948-4 | |



